| 000 | 00856nam0a22002771 4500 | ||
|---|---|---|---|
| 001 | rc\4392771 | ||
| 005 | 20250611135032.0 | ||
| 021 |
_aRU _b[68-48768] |
||
| 035 | _a(NLR Aleph) 008214599 | ||
| 090 |
_a8117923 _c8117923 |
||
| 100 | _a20130416d1968 |||y0rusy50 ca | ||
| 101 | 0 | _arus | |
| 102 | _aRU | ||
| 105 | _aa z ||||| | ||
| 200 | 1 | _aПо солнечной Киргизии | |
| 210 |
_aФрунзе _cКыргызстан _d1968 |
||
| 215 |
_a202 с. _cил. _d15 |
||
| 300 | _aНа пер. авт. не указаны | ||
| 607 |
_aКиргизская ССР _2psbo |
||
| 700 | 1 |
_aДанияров _bС.С. _gСанжарбек Сеитович |
|
| 701 | 1 |
_aРахманов _bК.Р. _gКурманбек Рахманович |
|
| 801 | 0 |
_aRU _bNLR _gpsbo |
|
| 801 | 1 |
_aRU _bELAR _2rusmarc |
|
| 852 |
_aNLR _j68-2/1804 |
||
| 942 | _cBOOK | ||
| 980 | _aNB | ||